Un proyecto liberador de nuestra América: de José Martí a la revolución cubana /
Este breve ensayo se aproxima al pensamiento filosófico-histórico de José Martí para tal propósito, trayectos propiamente filosóficos serán transitados, lo que permitirá un apropiado entendimiento de los aspectos ontológicos, gnoseológicos y éticos de una filosofía de la historia en sentido martiano...
Saved in:
| Main Author: | |
|---|---|
| Format: | Text |
| Subjects: | |
| Tags: |
Add Tag
No Tags, Be the first to tag this record!
|
MARC
| LEADER | 00000 a a2200000 04500 | ||
|---|---|---|---|
| 001 | 9402 | ||
| 003 | |||
| 040 | |||
| 100 | |a Rodríguez, Rommel | ||
| 245 | |a Un proyecto liberador de nuestra América: |b de José Martí a la revolución cubana / |c Rommel Rodríguez | ||
| 520 | |a Este breve ensayo se aproxima al pensamiento filosófico-histórico de José Martí para tal propósito, trayectos propiamente filosóficos serán transitados, lo que permitirá un apropiado entendimiento de los aspectos ontológicos, gnoseológicos y éticos de una filosofía de la historia en sentido martiano | ||
| 650 | |a LIBERTAD | ||
| 650 | |a CONOCIMIENTOS AUTOCTONOS | ||
| 650 | |a FILOSOFIA | ||
| 650 | |a IMPERIALISMO | ||
| 773 | |g número 449; páginas 70-79 | ||
| 999 | |c 39114 |d 39114 | ||
